Statistics for Brooklyn's Here - Newsies The Musical - Lyrics

Click here to take the quiz!

General Stats

  • This quiz has been taken 32 times
  • The average score is 148 of 187

Answer Stats

CharacterLyrics% Correct
Brooklyn
100%
(Brooklyn)
100%
a
94%
Brooklyn's
94%
here
94%
here!
94%
is
94%
Manhattan,
94%
Brooklyn NewsiesNewsies
94%
(Newsies)
94%
(Newsies
94%
newsies!
94%
on
94%
our
94%
that
94%
the
94%
to
94%
today)
94%
today
94%
way
94%
way)
94%
We
94%
we
94%
and
88%
And
88%
are
88%
go
88%
help
88%
Just
88%
need
88%
word
88%
(You
88%
you
88%
birth
82%
buddies
82%
disaster
82%
earth
82%
'em
82%
Facin'
82%
for
82%
Brooklyn NewsiesFriendliest
82%
gave
82%
got
82%
me
82%
means
82%
place
82%
see
82%
(Tell
82%
Tell
82%
total
82%
We're
82%
we're
82%
what
82%
What
82%
when
82%
(When
82%
SpotBorough
76%
but
76%
certain
76%
clear,
76%
clear
76%
do
76%
do)
76%
from
76%
halfway
76%
hurtin'
76%
Loud
76%
no
76%
pay
76%
Pay
76%
Queen's
76%
they
76%
time
76%
us
76%
visit,
76%
(We'll
76%
We'll
76%
Bronx!
71%
fear
71%
Have
71%
in
71%
kick
71%
slummin'
71%
ain't
65%
back)
65%
back
65%
boys
65%
career
65%
comin'!
65%
end
65%
excitin'!
65%
F NewsiesFlushing's
65%
fun
65%
Hey,
65%
it's
65%
M NewsiesManhattan's
65%
sad
65%
some
65%
B NewsiesSo's
65%
Strikes
65%
sure
65%
That's
65%
W NewsiesWoodside's
65%
your
65%
beaches
59%
Brighton
59%
cue,
59%
get
59%
joke
59%
know
59%
navy
59%
Now
59%
of
59%
park
59%
payback)
59%
Prospect
59%
soakers
59%
soakin'
59%
them
59%
jokin'
53%
pier
53%
R NewsiesRichmond's
53%
yard
53%
think
47%
we've
47%
cavalry's
41%
if
41%
They's
41%
you'll
35%

Score Distribution

Percentile by Number Answered

Percent of People with Each Score

Your Score History

You have not taken this quiz